|
|
|
|
| LEADER |
01713cas a2200241 a 4500 |
| 001 |
AALejournalIMF020163 |
| 008 |
230101c9999 xx r poo 0 0eng d |
| 020 |
|
|
|c 5.00 USD
|
| 020 |
|
|
|z 9781498340021
|
| 022 |
|
|
|a 2663-3493
|
| 040 |
|
|
|a BD-DhAAL
|c BD-DhAAL
|
| 110 |
2 |
|
|a International Monetary Fund.
|
| 245 |
1 |
0 |
|a Macrofinancial Stress Testing :
|b Principles and Practices.
|
| 264 |
|
1 |
|a Washington, D.C. :
|b International Monetary Fund,
|c 2012.
|
| 300 |
|
|
|a 1 online resource (66 pages)
|
| 490 |
1 |
|
|a Policy Papers
|
| 500 |
|
|
|a <strong>Off-Campus Access:</strong> No User ID or Password Required
|
| 500 |
|
|
|a <strong>On-Campus Access:</strong> No User ID or Password Required
|
| 506 |
|
|
|a Electronic access restricted to authorized BRAC University faculty, staff and students
|
| 520 |
3 |
|
|a The recent financial crisis drew unprecedented attention to the stress testing of financial institutions. On one hand, stress tests were criticized for having missed many of the vulnerabilities that led to the crisis. On the other, after the onset of the crisis, they were given a new role as crisis management tools to guide bank recapitalization and help restore confidence. This spurred an intense debate on the models, underlying assumptions, and uses of stress tests. Current stress testing practices, however, are not based on a systematic and comprehensive set of principles but have emerged from trial-and-error and often reflect constraints in human, technical, and data capabilities.
|
| 538 |
|
|
|a Mode of access: Internet
|
| 830 |
|
0 |
|a Policy Papers; Policy Paper ;
|v No. 2012/068
|
| 856 |
4 |
0 |
|z Full text available on IMF
|u http://elibrary.imf.org/view/journals/007/2012/068/007.2012.issue-068-en.xml
|z IMF e-Library
|